MARC details
| 000 -CABECERA |
| campo de control de longitud fija |
01001nam a2200277 a 4500 |
| 001 - NÚMERO DE CONTROL |
| campo de control |
000042024 |
| 005 - FECHA Y HORA DE LA ÚLTIMA TRANSACCIÓN |
| campo de control |
20240301180540.0 |
| 008 - DATOS DE LONGITUD FIJA--INFORMACIÓN GENERAL |
| campo de control de longitud fija |
131107s1984 sp ac b 000 0 spa d |
| 020 ## - NÚMERO INTERNACIONAL ESTÁNDAR DEL LIBRO |
| Número Internacional Estándar del Libro |
8434581523 |
| 040 ## - FUENTE DE LA CATALOGACIÓN |
| Centro catalogador/agencia de origen |
DO-SdBNP |
| Lengua de catalogación |
spa |
| Centro/agencia transcriptor |
BNPHU |
| 082 ## - NÚMERO DE LA CLASIFICACIÓN DECIMAL DEWEY |
| Número de clasificación |
335.4 |
| Número de documento/Ítem |
M392zb |
| 100 1# - ENTRADA PRINCIPAL--NOMBRE DE PERSONA |
| Nombre de persona |
Blumenberg, Werner |
| 9 (RLIN) |
68975 |
| 240 10 - TÍTULO UNIFORME |
| Título uniforme |
Marx |
| Lenguaje de la obra |
Español |
| 245 10 - MENCIÓN DE TÍTULO |
| Título |
Marx / |
| Mención de responsabilidad, etc. |
Werner Blumenberg ; prólogo Santos Julia Díaz ; traducción del alemán a cargo de Rosa Pilar Blanco. |
| 260 ## - PUBLICACIÓN, DISTRIBUCIÓN, ETC. |
| Lugar de publicación, distribución, etc. |
Barcelona : |
| Nombre del editor, distribuidor, etc. |
Salvat, |
| Fecha de publicación, distribución, etc. |
1984. |
| 300 ## - DESCRIPCIÓN FÍSICA |
| Extensión |
205 p. : |
| Otras características físicas |
il., retrs. ; |
| Dimensiones |
20 cm. |
| 490 1# - MENCIÓN DE SERIE |
| Mención de serie |
Biblioteca Salvat de grandes biografías; |
| Designación de volumen o secuencia |
7 |
| 504 ## - NOTA DE BIBLIOGRAFÍA, ETC. |
| Nota de bibliografía, etc. |
Bibliografía : p. 205 |
| 500 ## - NOTA GENERAL |
| Nota general |
Traducción de: Marx. |
| 600 10 - PUNTO DE ACCESO ADICIONAL DE MATERIA--NOMBRE DE PERSONA |
| Nombre de persona |
Marx, Karl, |
| Fechas asociadas al nombre |
1818-1883 |
| 9 (RLIN) |
30439 |
| 650 #4 - PUNTO DE ACCESO ADICIONAL DE MATERIA--TÉRMINO DE MATERIA |
| Término de materia o nombre geográfico como elemento de entrada |
Comunistas |
| Subdivisión general |
Alemaña |
| -- |
Biografías |
| 9 (RLIN) |
68976 |
| 700 12 - PUNTO DE ACCESO ADICIONAL--NOMBRE DE PERSONA |
| Nombre de persona |
Pilar Blanco, Rosa |
| Término indicativo de función/relación |
tr. |
| 9 (RLIN) |
50113 |
| 700 12 - PUNTO DE ACCESO ADICIONAL--NOMBRE DE PERSONA |
| Nombre de persona |
Díaz, Santos Julia |
| Término indicativo de función/relación |
pról. |
| 9 (RLIN) |
68977 |
| 830 #0 - PUNTO DE ACCESO ADICIONAL DE SERIE-TÍTULO UNIFORME |
| Título uniforme |
Biblioteca Salvat de grandes biografías |
| Número de parte o sección de la obra |
7 |
| 9 (RLIN) |
68978 |
| 910 ## - DATOS DE OPCIÓN DEL USUARIO (OCLC) |
| Datos de opción del usuario |
Validado. Control de calidad MFF |